[Event "DVM U20 2018"]
[Site "Osnabrück GER"]
[Date "2018.12.28"]
[Round "4"]
[White "Sieber, Fiona"]
[Black "Bunyatov, Rustam"]
[Result "0-1"]
[Termination "normal"]
[Board "1.1"]
[WhiteTitle "WIM"]
[BlackTitle "FM"]
[WhiteElo "2262"]
[BlackElo "2177"]
[WhiteClock "00:09:19"]
[BlackClock "00:06:59"]
[WhiteTeam "SG Aufbau Elbe Magdeburg"]
[BlackTeam "SG Porz"]
[PlyCount "108"]
[WhiteFideId "12902373"]
[BlackFideId "13410210"]
[EventCountry "GER"]
[EventRounds "7"]
[EventType "team-swiss"]
[EventDate "2018.12.26"]

1. e4 {[%clk 1:30:58]} c5 {[%clk 1:30:36]} 2. Nf3 {[%clk 1:31:23]} d6 {[%clk
1:30:53]} 3. d4 {[%clk 1:31:48]} cxd4 {[%clk 1:31:18]} 4. Nxd4 {[%clk 1:32:13]}
Nf6 {[%clk 1:31:42]} 5. Nc3 {[%clk 1:32:38]} a6 {[%clk 1:32:03]} 6. Be3 {[%clk
1:33:04]} e6 {[%clk 1:31:45]} 7. f3 Be7 {[%clk 1:30:25]} 8. g4 {[%clk 1:32:01]}
b5 {[%clk 1:30:06]} 9. Qd2 {[%clk 1:30:05]} Bb7 {[%clk 1:29:37]} 10. O-O-O
{[%clk 1:27:01]} Nc6 {[%clk 1:22:38]} 11. g5 {[%clk 1:21:32]} Nd7 {[%clk
1:22:47]} 12. h4 Rc8 {[%clk 1:03:04]} 13. Nxc6 {[%clk 1:14:14]} Rxc6 {[%clk
1:00:10]} 14. Ne2 {[%clk 1:13:45]} Ne5 {[%clk 0:54:42]} 15. Nd4 {[%clk
1:13:34]} Rc8 {[%clk 0:53:58]} 16. h5 {[%clk 1:11:45]} Nxf3 {[%clk 0:48:15]}
17. Nxf3 {[%clk 1:09:48]} Bxe4 {[%clk 0:48:38]} 18. Bg2 {[%clk 1:08:18]} Rxc2+
{[%clk 0:48:04]} 19. Qxc2 {[%clk 1:08:46]} Bxc2 {[%clk 0:48:24]} 20. Kxc2
{[%clk 1:09:09]} Qa5 {[%clk 0:43:21]} 21. Kb1 {[%clk 1:08:24]} b4 {[%clk
0:41:36]} 22. Nd4 {[%clk 0:52:05]} Bxg5 {[%clk 0:26:24]} 23. Bc6+ {[%clk
0:52:28]} Kf8 {[%clk 0:26:32]} 24. Bxg5 {[%clk 0:46:02]} Qxg5 {[%clk 0:26:33]}
25. Rhf1 {[%clk 0:45:59]} Ke7 {[%clk 0:20:40]} 26. Ba4 {[%clk 0:44:46]} Rc8
{[%clk 0:18:48]} 27. Nc6+ {[%clk 0:44:29]} Rxc6 {[%clk 0:18:49]} 28. Bxc6
{[%clk 0:44:50]} Qxh5 {[%clk 0:19:09]} 29. Be4 {[%clk 0:39:57]} f5 {[%clk
0:17:27]} 30. Bf3 {[%clk 0:37:18]} Qh3 {[%clk 0:14:47]} 31. Bb7 {[%clk
0:36:29]} h6 32. Bxa6 g6 {[%clk 0:06:46]} 33. Rh1 {[%clk 0:30:44]} Qf3 {[%clk
0:06:11]} 34. Rde1 {[%clk 0:26:49]} h5 {[%clk 0:05:49]} 35. Bc4 {[%clk
0:26:20]} e5 {[%clk 0:05:48]} 36. Rd1 {[%clk 0:23:03]} h4 {[%clk 0:04:36]} 37.
Bd5 {[%clk 0:21:25]} e4 {[%clk 0:04:34]} 38. Rhf1 Qh5 {[%clk 0:04:14]} 39. Rc1
{[%clk 0:18:14]} h3 {[%clk 0:04:00]} 40. Bb3 {[%clk 0:11:46]} Qh4 {[%clk
0:02:14]} 41. Rfd1 e3 {[%clk 0:19:33]} 42. Rc7+ {[%clk 0:30:49]} Kf6 {[%clk
0:19:01]} 43. Rxd6+ {[%clk 0:30:39]} Kg5 44. Rd1 {[%clk 0:17:53]} h2 {[%clk
0:18:07]} 45. Rcc1 {[%clk 0:17:36]} e2 {[%clk 0:13:43]} 46. Re1 {[%clk
0:16:11]} Qe4+ {[%clk 0:12:57]} 47. Bc2 {[%clk 0:16:02]} Qe3 {[%clk 0:11:52]}
48. Ba4 {[%clk 0:14:01]} f4 {[%clk 0:11:42]} 49. Bb5 {[%clk 0:10:49]} f3 {[%clk
0:11:33]} 50. Bxe2 {[%clk 0:10:59]} fxe2 {[%clk 0:08:33]} 51. b3 {[%clk
0:10:42]} Kf5 {[%clk 0:07:49]} 52. Kb2 {[%clk 0:09:55]} Qd2+ {[%clk 0:07:26]}
53. Kb1 {[%clk 0:10:09]} g5 {[%clk 0:07:18]} 54. Rh1 {[%clk 0:09:19]} g4 {[%clk
0:06:59]} 0-1

[Event "DVM U20 2018"]
[Site "Osnabrück GER"]
[Date "2018.12.28"]
[Round "4"]
[White "Fieberg, Samuel"]
[Black "Roseneck, Jonas"]
[Result "1/2-1/2"]
[Termination "normal"]
[Board "1.2"]
[WhiteTitle "FM"]
[WhiteElo "2170"]
[BlackElo "2246"]
[WhiteClock "00:03:17"]
[BlackClock "00:02:12"]
[WhiteTeam "SG Porz"]
[BlackTeam "SG Aufbau Elbe Magdeburg"]
[PlyCount "68"]
[WhiteFideId "12901717"]
[BlackFideId "12939870"]
[EventCountry "GER"]
[EventRounds "7"]
[EventType "team-swiss"]
[EventDate "2018.12.26"]

1. e4 {[%clk 1:30:57]} e5 {[%clk 1:30:55]} 2. Nf3 {[%clk 1:31:24]} Nc6 {[%clk
1:31:20]} 3. Bc4 {[%clk 1:31:52]} Nf6 {[%clk 1:31:46]} 4. d3 {[%clk 1:32:19]}
Be7 {[%clk 1:32:11]} 5. O-O {[%clk 1:32:40]} O-O {[%clk 1:32:38]} 6. Re1 {[%clk
1:33:06]} d6 {[%clk 1:33:05]} 7. a4 {[%clk 1:33:33]} Na5 {[%clk 1:33:32]} 8.
Ba2 {[%clk 1:33:55]} c5 {[%clk 1:33:58]} 9. c3 {[%clk 1:33:32]} Nc6 {[%clk
1:34:23]} 10. Na3 {[%clk 1:33:48]} h6 {[%clk 1:23:01]} 11. Nc2 {[%clk 1:24:06]}
a6 12. b4 {[%clk 1:24:23]} cxb4 {[%clk 1:18:14]} 13. cxb4 {[%clk 1:16:48]} d5
{[%clk 1:02:19]} 14. exd5 Nxb4 15. Nxb4 {[%clk 1:04:12]} Bxb4 {[%clk 1:02:47]}
16. Bd2 {[%clk 1:01:18]} Bc5 {[%clk 0:38:25]} 17. Nxe5 {[%clk 0:48:32]} Nxd5
{[%clk 0:19:42]} 18. Rb1 {[%clk 0:37:56]} Bd4 {[%clk 0:14:52]} 19. Qc2 Be6
{[%clk 0:14:45]} 20. Rxb7 {[%clk 0:36:57]} Rc8 {[%clk 0:13:24]} 21. Bc4 {[%clk
0:19:00]} Qh4 {[%clk 0:08:11]} 22. Bc1 {[%clk 0:16:17]} Qf6 23. Bb2 Bxb2 {[%clk
0:06:28]} 24. Qxb2 {[%clk 0:15:46]} Rfd8 {[%clk 0:06:08]} 25. Bxa6 Nf4 26. Bc4
{[%clk 0:04:55]} Bxc4 {[%clk 0:06:22]} 27. dxc4 {[%clk 0:04:50]} Qg5 {[%clk
0:06:11]} 28. g3 {[%clk 0:04:16]} Rd2 {[%clk 0:06:07]} 29. Qb3 {[%clk 0:01:39]}
Nh3+ 30. Kh1 {[%clk 0:01:58]} Nxf2+ {[%clk 0:06:15]} 31. Kg1 {[%clk 0:02:23]}
Nh3+ {[%clk 0:06:22]} 32. Kh1 {[%clk 0:02:50]} Nf2+ 33. Kg1 {[%clk 0:03:17]}
Nh3+ {[%clk 0:03:56]} 34. Kh1 Nf2+ {[%clk 0:02:12]} 1/2-1/2

[Event "DVM U20 2018"]
[Site "Osnabrück GER"]
[Date "2018.12.28"]
[Round "4"]
[White "Biastoch, Bennet"]
[Black "Ramien, David"]
[Result "1/2-1/2"]
[Termination "normal"]
[Board "1.3"]
[WhiteElo "2194"]
[BlackElo "2136"]
[WhiteClock "00:03:57"]
[BlackClock "00:14:02"]
[WhiteTeam "SG Aufbau Elbe Magdeburg"]
[BlackTeam "SG Porz"]
[PlyCount "103"]
[WhiteFideId "12939889"]
[BlackFideId "12948241"]
[EventCountry "GER"]
[EventRounds "7"]
[EventType "team-swiss"]
[EventDate "2018.12.26"]

1. e4 {[%clk 1:30:57]} c5 {[%clk 1:30:46]} 2. Nf3 {[%clk 1:31:15]} d6 {[%clk
1:31:09]} 3. d4 {[%clk 1:31:26]} cxd4 {[%clk 1:31:34]} 4. Nxd4 {[%clk 1:31:50]}
Nf6 {[%clk 1:32:00]} 5. Nc3 {[%clk 1:31:59]} Nc6 {[%clk 1:32:25]} 6. Bg5 {[%clk
1:31:54]} e6 {[%clk 1:32:49]} 7. Qd2 {[%clk 1:32:14]} Be7 {[%clk 1:33:14]} 8.
O-O-O {[%clk 1:32:13]} O-O {[%clk 1:33:24]} 9. f4 {[%clk 1:32:14]} Nxd4 {[%clk
1:33:48]} 10. Qxd4 {[%clk 1:32:32]} h6 {[%clk 1:34:12]} 11. Bh4 {[%clk
1:32:33]} Qa5 {[%clk 1:34:36]} 12. Bc4 {[%clk 1:32:10]} e5 {[%clk 1:35:00]} 13.
fxe5 {[%clk 1:32:00]} dxe5 {[%clk 1:35:26]} 14. Qd3 {[%clk 1:32:12]} Bg4 {[%clk
1:35:43]} 15. Bxf6 {[%clk 1:30:46]} Bxf6 {[%clk 1:36:03]} 16. Rdf1 {[%clk
1:30:56]} Bh4 {[%clk 1:35:14]} 17. Kb1 {[%clk 1:25:57]} Rac8 {[%clk 1:32:41]}
18. a3 {[%clk 1:16:54]} Qc5 {[%clk 1:28:30]} 19. Ba2 {[%clk 1:15:41]} Be6
{[%clk 1:27:40]} 20. Nd5 {[%clk 1:00:47]} Rfd8 {[%clk 1:08:36]} 21. Qe2 {[%clk
0:53:02]} Kh8 {[%clk 0:56:41]} 22. Rd1 {[%clk 0:42:31]} a5 {[%clk 0:48:54]} 23.
Rhf1 {[%clk 0:34:30]} Be7 {[%clk 0:46:48]} 24. Nxe7 {[%clk 0:24:58]} Bxa2+
{[%clk 0:46:29]} 25. Kxa2 {[%clk 0:25:23]} Qxe7 {[%clk 0:46:56]} 26. Rf3 {[%clk
0:24:05]} Rc6 {[%clk 0:34:42]} 27. Rfd3 {[%clk 0:16:01]} Rcd6 {[%clk 0:34:21]}
28. Rxd6 {[%clk 0:15:12]} Rxd6 {[%clk 0:34:47]} 29. Rxd6 {[%clk 0:15:10]} Qxd6
{[%clk 0:35:14]} 30. Qc4 {[%clk 0:14:31]} Qd2 {[%clk 0:25:49]} 31. Qxf7 {[%clk
0:11:18]} Qxc2 {[%clk 0:24:31]} 32. Qf8+ {[%clk 0:07:07]} Kh7 {[%clk 0:24:56]}
33. Qf5+ {[%clk 0:07:27]} Kh8 {[%clk 0:25:14]} 34. Qf8+ {[%clk 0:06:52]} Kh7
{[%clk 0:25:40]} 35. Qf5+ {[%clk 0:07:19]} Kh8 {[%clk 0:26:06]} 36. Qxe5 {[%clk
0:07:25]} Qc4+ {[%clk 0:09:30]} 37. Kb1 {[%clk 0:07:30]} Qd3+ {[%clk 0:07:43]}
38. Kc1 {[%clk 0:06:32]} b5 {[%clk 0:05:00]} 39. Qf4 {[%clk 0:04:40]} Qc4+
{[%clk 0:04:33]} 40. Kb1 {[%clk 0:03:41]} b4 {[%clk 0:01:51]} 41. Qf8+ {[%clk
0:00:37]} Kh7 {[%clk 0:02:11]} 42. Qf5+ {[%clk 0:30:40]} Kh8 43. Qd5 {[%clk
0:16:03]} Qf1+ {[%clk 0:30:37]} 44. Ka2 {[%clk 0:16:18]} bxa3 {[%clk 0:25:57]}
45. Kxa3 {[%clk 0:16:31]} Qxg2 {[%clk 0:24:49]} 46. Qd8+ {[%clk 0:10:03]} Kh7
{[%clk 0:25:04]} 47. e5 {[%clk 0:09:50]} Qf3+ {[%clk 0:12:45]} 48. Ka2 {[%clk
0:06:40]} Qf7+ {[%clk 0:13:00]} 49. Ka3 {[%clk 0:04:48]} Qf3+ {[%clk 0:13:21]}
50. Ka2 {[%clk 0:03:47]} Qf7+ {[%clk 0:13:40]} 51. Ka3 {[%clk 0:03:33]} Qf3+
{[%clk 0:14:02]} 52. Ka2 {[%clk 0:03:57]} 1/2-1/2

[Event "DVM U20 2018"]
[Site "Osnabrück GER"]
[Date "2018.12.28"]
[Round "4"]
[White "Sabirov, Ramil"]
[Black "Wagner, Benjamin"]
[Result "1-0"]
[Termination "normal"]
[Board "1.4"]
[WhiteElo "2066"]
[BlackElo "2051"]
[WhiteClock "00:28:57"]
[BlackClock "00:37:06"]
[WhiteTeam "SG Porz"]
[BlackTeam "SG Aufbau Elbe Magdeburg"]
[PlyCount "93"]
[WhiteFideId "12900303"]
[BlackFideId "12957330"]
[EventCountry "GER"]
[EventRounds "7"]
[EventType "team-swiss"]
[EventDate "2018.12.26"]

1. e4 {[%clk 1:30:58]} e5 {[%clk 1:30:59]} 2. Nf3 {[%clk 1:31:21]} Nc6 {[%clk
1:31:27]} 3. Bb5 {[%clk 1:31:44]} a6 {[%clk 1:31:56]} 4. Bxc6 {[%clk 1:32:06]}
dxc6 {[%clk 1:32:20]} 5. Nc3 {[%clk 1:32:34]} f6 {[%clk 1:31:06]} 6. d4 exd4
{[%clk 1:29:55]} 7. Qxd4 {[%clk 1:29:37]} Qxd4 {[%clk 1:29:19]} 8. Nxd4 {[%clk
1:30:02]} Bd7 {[%clk 1:26:35]} 9. Be3 {[%clk 1:30:11]} O-O-O {[%clk 1:26:10]}
10. O-O-O {[%clk 1:30:36]} c5 {[%clk 1:23:38]} 11. Nde2 {[%clk 1:27:38]} b6
{[%clk 1:21:49]} 12. Bf4 {[%clk 1:17:49]} Ne7 {[%clk 1:20:19]} 13. Bg3 {[%clk
1:13:26]} Be6 {[%clk 1:07:49]} 14. Rxd8+ {[%clk 1:00:22]} Kxd8 {[%clk 1:08:18]}
15. Rd1+ {[%clk 0:40:32]} Kc8 {[%clk 1:08:44]} 16. a4 {[%clk 0:38:50]} Ng6
{[%clk 1:03:45]} 17. Nd5 {[%clk 0:33:47]} Bxd5 {[%clk 1:03:24]} 18. Rxd5 {[%clk
0:34:02]} Be7 {[%clk 1:00:14]} 19. c4 {[%clk 0:34:13]} Re8 {[%clk 0:53:03]} 20.
f3 c6 {[%clk 0:48:37]} 21. Rd2 {[%clk 0:27:47]} Bd8 {[%clk 0:47:06]} 22. Kc2
{[%clk 0:14:14]} Bc7 {[%clk 0:47:18]} 23. h3 {[%clk 0:13:37]} Rd8 {[%clk
0:34:43]} 24. Rxd8+ {[%clk 0:13:10]} Kxd8 {[%clk 0:35:11]} 25. Bf2 {[%clk
0:12:24]} Nf8 {[%clk 0:32:31]} 26. Be3 Ne6 {[%clk 0:31:35]} 27. Kd3 {[%clk
0:10:01]} a5 {[%clk 0:30:27]} 28. b3 {[%clk 0:10:23]} h5 {[%clk 0:27:56]} 29.
f4 {[%clk 0:07:56]} Ke7 {[%clk 0:22:22]} 30. f5 Nf8 {[%clk 0:20:57]} 31. Nf4
{[%clk 0:06:27]} Bxf4 {[%clk 0:13:25]} 32. Bxf4 {[%clk 0:06:53]} Nd7 {[%clk
0:13:45]} 33. Bc7 {[%clk 0:06:13]} Kf7 {[%clk 0:13:23]} 34. Ke3 {[%clk
0:06:10]} g5 {[%clk 0:04:18]} 35. fxg6+ {[%clk 0:06:33]} Kg7 {[%clk 0:04:37]}
36. Kf4 {[%clk 0:05:36]} Kxg6 {[%clk 0:05:02]} 37. g3 {[%clk 0:05:45]} Kg7
{[%clk 0:04:46]} 38. Kf5 {[%clk 0:06:10]} Kf7 {[%clk 0:05:11]} 39. h4 {[%clk
0:06:07]} Ke7 {[%clk 0:05:09]} 40. Kg6 {[%clk 0:05:01]} Ke6 41. Kxh5 {[%clk
0:02:56]} f5 {[%clk 0:05:53]} 42. exf5+ {[%clk 0:30:11]} Kxf5 {[%clk 0:36:22]}
43. g4+ {[%clk 0:30:00]} Kf6 {[%clk 0:36:32]} 44. Kh6 {[%clk 0:29:49]} Kf7
{[%clk 0:36:52]} 45. g5 {[%clk 0:29:19]} b5 {[%clk 0:36:45]} 46. g6+ {[%clk
0:28:41]} Kf6 {[%clk 0:37:06]} 47. Bd8+ {[%clk 0:28:57]} 1-0

[Event "DVM U20 2018"]
[Site "Osnabrück GER"]
[Date "2018.12.28"]
[Round "4"]
[White "Röhr, Tobias"]
[Black "Sewald, Kathrin"]
[Result "1-0"]
[Termination "normal"]
[Board "1.5"]
[WhiteElo "2189"]
[BlackElo "1980"]
[WhiteClock "00:24:04"]
[BlackClock "00:25:33"]
[WhiteTeam "SG Aufbau Elbe Magdeburg"]
[BlackTeam "SG Porz"]
[PlyCount "89"]
[WhiteFideId "12963089"]
[BlackFideId "12964557"]
[EventCountry "GER"]
[EventRounds "7"]
[EventType "team-swiss"]
[EventDate "2018.12.26"]

1. d4 {[%clk 1:30:58]} c5 {[%clk 1:30:56]} 2. d5 {[%clk 1:31:24]} d6 {[%clk
1:31:23]} 3. e4 {[%clk 1:31:35]} g6 {[%clk 1:31:49]} 4. Nf3 {[%clk 1:31:45]}
Bg7 {[%clk 1:32:10]} 5. Be2 {[%clk 1:31:56]} Nf6 {[%clk 1:32:26]} 6. Nc3 {[%clk
1:32:19]} O-O {[%clk 1:32:27]} 7. O-O {[%clk 1:32:35]} Na6 {[%clk 1:30:50]} 8.
Bf4 {[%clk 1:32:22]} h6 {[%clk 1:30:39]} 9. Nd2 {[%clk 1:26:11]} Nc7 {[%clk
1:30:09]} 10. a4 {[%clk 1:25:15]} Na6 {[%clk 1:26:58]} 11. Nc4 {[%clk 1:22:05]}
Nb4 {[%clk 1:26:16]} 12. Be3 {[%clk 1:18:43]} b6 {[%clk 1:24:09]} 13. f4 {[%clk
1:15:39]} Rb8 {[%clk 1:22:36]} 14. Bf3 {[%clk 1:13:37]} Bb7 {[%clk 1:21:15]}
15. Qd2 {[%clk 1:08:37]} a6 {[%clk 1:04:06]} 16. Rad1 {[%clk 1:01:49]} Bc8
{[%clk 1:01:08]} 17. Ne2 {[%clk 0:53:33]} b5 {[%clk 0:58:21]} 18. Na3 {[%clk
0:53:00]} Ng4 {[%clk 0:58:19]} 19. c3 {[%clk 0:51:11]} Nxe3 {[%clk 0:57:11]}
20. Qxe3 {[%clk 0:50:52]} Na2 {[%clk 0:57:29]} 21. Ra1 {[%clk 0:49:23]} b4
{[%clk 0:57:48]} 22. Nc4 {[%clk 0:41:43]} b3 {[%clk 0:56:37]} 23. a5 {[%clk
0:38:20]} Qe8 {[%clk 0:48:37]} 24. Ng3 {[%clk 0:32:00]} Nb4 {[%clk 0:46:17]}
25. Qd2 {[%clk 0:28:43]} Nc2 {[%clk 0:46:07]} 26. Rad1 {[%clk 0:28:01]} Qa4
{[%clk 0:44:21]} 27. Be2 {[%clk 0:27:26]} Rd8 {[%clk 0:43:11]} 28. e5 {[%clk
0:24:46]} h5 {[%clk 0:35:48]} 29. exd6 {[%clk 0:22:34]} exd6 {[%clk 0:35:57]}
30. Ne4 {[%clk 0:21:31]} Qe8 {[%clk 0:20:45]} 31. Nexd6 {[%clk 0:18:53]} Qe7
{[%clk 0:20:15]} 32. Nxc8 {[%clk 0:18:15]} Rbxc8 {[%clk 0:20:37]} 33. f5 {[%clk
0:17:10]} Kh7 {[%clk 0:16:47]} 34. Qd3 {[%clk 0:15:19]} Qg5 {[%clk 0:15:06]}
35. Rf3 {[%clk 0:14:34]} Rc7 {[%clk 0:12:05]} 36. h4 {[%clk 0:13:39]} Qh6
{[%clk 0:10:52]} 37. Rg3 {[%clk 0:12:42]} Bf6 38. Rf1 {[%clk 0:11:38]} Kg7
{[%clk 0:05:34]} 39. fxg6 {[%clk 0:09:02]} fxg6 {[%clk 0:05:58]} 40. Qf5 {[%clk
0:08:10]} Rf8 {[%clk 0:02:55]} 41. Qxh5 {[%clk 0:03:23]} Rcf7 {[%clk 0:26:46]}
42. Qxh6+ {[%clk 0:24:41]} Kxh6 {[%clk 0:26:46]} 43. Bd3 {[%clk 0:23:49]} Bxh4
{[%clk 0:25:15]} 44. Rxg6+ {[%clk 0:23:43]} Kh5 {[%clk 0:25:33]} 45. g4# {[%clk
0:24:04]} 1-0

[Event "DVM U20 2018"]
[Site "Osnabrück GER"]
[Date "2018.12.28"]
[Round "4"]
[White "Quinones-Maletti, Julio Guillermo"]
[Black "Hoffmann, Lennard"]
[Result "0-1"]
[Termination "normal"]
[Board "1.6"]
[WhiteElo "2029"]
[BlackElo "1995"]
[WhiteClock "00:27:34"]
[BlackClock "00:22:59"]
[WhiteTeam "SG Porz"]
[BlackTeam "SG Aufbau Elbe Magdeburg"]
[PlyCount "96"]
[WhiteFideId "1462318"]
[BlackFideId "12943495"]
[EventCountry "GER"]
[EventRounds "7"]
[EventType "team-swiss"]
[EventDate "2018.12.26"]

1. d4 {[%clk 1:30:56]} Nf6 {[%clk 1:30:45]} 2. Bf4 {[%clk 1:31:16]} d5 {[%clk
1:30:37]} 3. e3 {[%clk 1:31:35]} c5 {[%clk 1:30:35]} 4. c3 {[%clk 1:31:48]} Nc6
{[%clk 1:28:54]} 5. Nd2 {[%clk 1:28:20]} Bf5 {[%clk 1:25:59]} 6. Qb3 Qd7 7.
Ngf3 {[%clk 1:22:00]} c4 {[%clk 1:02:51]} 8. Qb5 {[%clk 1:17:19]} e6 {[%clk
0:58:32]} 9. b3 {[%clk 1:15:44]} a6 {[%clk 0:54:40]} 10. Qb6 {[%clk 1:15:53]}
cxb3 {[%clk 0:52:56]} 11. axb3 Rc8 12. Be2 {[%clk 0:55:44]} Be7 {[%clk
0:45:58]} 13. Ne5 {[%clk 0:55:39]} Nxe5 {[%clk 0:45:05]} 14. dxe5 Ne4 {[%clk
0:39:17]} 15. Nxe4 {[%clk 0:56:02]} Bxe4 16. O-O g5 {[%clk 0:28:17]} 17. Bg3
{[%clk 0:40:21]} h5 {[%clk 0:28:34]} 18. h3 {[%clk 0:36:39]} h4 {[%clk
0:24:58]} 19. Bh2 {[%clk 0:35:32]} Rxc3 {[%clk 0:20:21]} 20. Rac1 Rc8 {[%clk
0:11:54]} 21. b4 {[%clk 0:32:03]} O-O {[%clk 0:11:15]} 22. f3 {[%clk 0:29:12]}
Bg6 23. b5 Rxc1 {[%clk 0:03:43]} 24. Rxc1 {[%clk 0:24:00]} Rc8 25. Rxc8+ {[%clk
0:23:02]} Qxc8 {[%clk 0:04:10]} 26. bxa6 {[%clk 0:23:23]} bxa6 {[%clk 0:03:31]}
27. Kf2 {[%clk 0:15:56]} Qc3 28. g4 {[%clk 0:09:55]} Kh7 {[%clk 0:03:01]} 29.
Qd4 Qc1 {[%clk 0:01:21]} 30. Bd3 {[%clk 0:07:41]} Qd2+ {[%clk 0:01:13]} 31. Be2
{[%clk 0:08:05]} Qc1 {[%clk 0:01:29]} 32. Bd3 {[%clk 0:08:14]} Qd2+ {[%clk
0:01:27]} 33. Be2 {[%clk 0:08:23]} Qxd4 {[%clk 0:01:34]} 34. exd4 {[%clk
0:08:46]} a5 {[%clk 0:01:58]} 35. Bd1 {[%clk 0:08:45]} Bd3 {[%clk 0:01:52]} 36.
Ba4 {[%clk 0:08:47]} Bb4 37. Bg1 {[%clk 0:02:59]} Bc3 {[%clk 0:01:29]} 38. Kg2
{[%clk 0:02:57]} Bd2 {[%clk 0:01:42]} 39. Bf2 {[%clk 0:02:18]} Kg7 {[%clk
0:02:01]} 40. Kg1 {[%clk 0:02:04]} f6 {[%clk 0:01:56]} 41. exf6+ {[%clk
0:01:09]} Kxf6 {[%clk 0:02:14]} 42. Kg2 {[%clk 0:30:21]} Ke7 {[%clk 0:28:55]}
43. Bg1 {[%clk 0:30:29]} Bg6 {[%clk 0:23:20]} 44. Bh2 {[%clk 0:30:07]} Bf4
{[%clk 0:23:31]} 45. Bg1 {[%clk 0:28:00]} Be8 {[%clk 0:23:18]} 46. Bc2 {[%clk
0:27:53]} a4 {[%clk 0:23:14]} 47. Kf2 {[%clk 0:27:49]} a3 {[%clk 0:23:02]} 48.
Bb3 {[%clk 0:27:34]} Bb5 {[%clk 0:22:59]} 0-1

[Event "DVM U20 2018"]
[Site "Osnabrück GER"]
[Date "2018.12.28"]
[Round "4"]
[White "Flüchter, Gregor"]
[Black "Zähringer, Daniel"]
[Result "1/2-1/2"]
[Termination "normal"]
[Board "2.1"]
[WhiteElo "2157"]
[BlackElo "2142"]
[WhiteClock "00:22:18"]
[BlackClock "00:47:51"]
[WhiteTeam "SF Brackel"]
[BlackTeam "SK König Plauen"]
[PlyCount "48"]
[WhiteFideId "12903396"]
[BlackFideId "12970280"]
[EventCountry "GER"]
[EventRounds "7"]
[EventType "team-swiss"]
[EventDate "2018.12.26"]

1. e4 {[%clk 1:30:57]} e5 {[%clk 1:30:54]} 2. Nf3 {[%clk 1:31:22]} Nf6 {[%clk
1:31:20]} 3. d4 {[%clk 1:31:43]} Nxe4 {[%clk 1:31:44]} 4. Bd3 {[%clk 1:32:06]}
Nc6 {[%clk 1:32:06]} 5. Nxe5 {[%clk 1:21:02]} Nxe5 {[%clk 1:32:04]} 6. Bxe4
{[%clk 1:12:37]} d5 {[%clk 1:31:34]} 7. dxe5 {[%clk 1:12:40]} dxe4 {[%clk
1:31:57]} 8. Qxd8+ {[%clk 1:12:59]} Kxd8 {[%clk 1:32:22]} 9. Bg5+ {[%clk
1:13:05]} Ke8 {[%clk 1:30:16]} 10. Nc3 {[%clk 1:07:54]} Bb4 {[%clk 1:30:28]}
11. O-O-O Bg4 {[%clk 1:22:33]} 12. Rd4 {[%clk 1:03:11]} Bxc3 {[%clk 1:22:52]}
13. bxc3 {[%clk 1:03:33]} h6 {[%clk 1:22:46]} 14. Rxe4 {[%clk 0:59:41]} Bh3 15.
gxh3 {[%clk 0:48:56]} hxg5 {[%clk 1:23:00]} 16. Rg1 {[%clk 0:45:50]} Rxh3
{[%clk 1:17:15]} 17. Rxg5 {[%clk 0:46:00]} Kf8 {[%clk 1:11:14]} 18. Reg4 {[%clk
0:26:20]} Re8 {[%clk 1:07:06]} 19. f4 {[%clk 0:25:55]} g6 {[%clk 1:06:49]} 20.
Rg2 Rxc3 {[%clk 0:53:46]} 21. f5 {[%clk 0:21:15]} Rxe5 {[%clk 0:47:33]} 22.
fxg6 {[%clk 0:21:27]} Rxg5 {[%clk 0:47:51]} 23. Rxg5 {[%clk 0:21:55]} fxg6
{[%clk 0:47:44]} 24. Rxg6 {[%clk 0:22:18]} Rh3 {[%clk 0:47:51]} 1/2-1/2

[Event "DVM U20 2018"]
[Site "Osnabrück GER"]
[Date "2018.12.28"]
[Round "4"]
[White "Burian, Simon"]
[Black "Knudsen, Simon"]
[Result "0-1"]
[Termination "normal"]
[Board "2.2"]
[WhiteElo "2129"]
[BlackElo "2206"]
[WhiteClock "00:10:51"]
[BlackClock "00:01:07"]
[WhiteTeam "SK König Plauen"]
[BlackTeam "SF Brackel"]
[PlyCount "86"]
[WhiteFideId "12956902"]
[BlackFideId "12985546"]
[EventCountry "GER"]
[EventRounds "7"]
[EventType "team-swiss"]
[EventDate "2018.12.26"]

1. e4 {[%clk 1:30:57]} g6 {[%clk 1:30:49]} 2. d4 {[%clk 1:31:12]} Bg7 {[%clk
1:31:11]} 3. Nc3 {[%clk 1:31:24]} d6 {[%clk 1:30:37]} 4. g3 {[%clk 1:31:43]}
Nf6 {[%clk 1:21:29]} 5. Bg2 {[%clk 1:31:21]} O-O {[%clk 1:21:40]} 6. Nge2
{[%clk 1:30:10]} e5 {[%clk 1:20:21]} 7. O-O {[%clk 1:28:28]} Nc6 {[%clk
1:20:08]} 8. h3 {[%clk 1:26:10]} exd4 {[%clk 1:07:00]} 9. Nb5 {[%clk 1:21:46]}
Re8 {[%clk 1:06:35]} 10. Bg5 {[%clk 1:18:05]} h6 {[%clk 1:05:39]} 11. Bxf6
{[%clk 1:18:12]} Bxf6 {[%clk 1:06:03]} 12. Nbxd4 {[%clk 1:18:26]} Nxd4 {[%clk
1:06:24]} 13. Nxd4 {[%clk 1:18:52]} Bd7 {[%clk 0:53:39]} 14. c3 {[%clk
1:10:50]} a5 {[%clk 0:49:44]} 15. Qd2 {[%clk 1:06:19]} Bg7 {[%clk 0:49:46]} 16.
Rad1 {[%clk 1:03:20]} a4 {[%clk 0:49:55]} 17. Rfe1 {[%clk 0:57:43]} Qg5 {[%clk
0:46:32]} 18. Qxg5 {[%clk 0:52:19]} hxg5 {[%clk 0:46:56]} 19. Nc2 {[%clk
0:50:49]} a3 {[%clk 0:35:19]} 20. bxa3 {[%clk 0:46:48]} Bxc3 {[%clk 0:35:41]}
21. Re3 {[%clk 0:47:08]} Be5 {[%clk 0:34:46]} 22. Nb4 {[%clk 0:44:10]} c6
{[%clk 0:32:13]} 23. Rb1 {[%clk 0:30:09]} Be6 {[%clk 0:31:03]} 24. Rf3 {[%clk
0:26:51]} Ra7 {[%clk 0:30:39]} 25. a4 {[%clk 0:24:32]} Rea8 {[%clk 0:26:38]}
26. Nd3 {[%clk 0:23:36]} Bd4 {[%clk 0:27:00]} 27. Nc1 {[%clk 0:23:09]} Kg7
{[%clk 0:23:26]} 28. Bf1 {[%clk 0:20:30]} Be5 {[%clk 0:14:04]} 29. a5 {[%clk
0:18:05]} Rd8 {[%clk 0:03:57]} 30. Nb3 {[%clk 0:14:56]} c5 {[%clk 0:03:55]} 31.
a6 {[%clk 0:13:54]} bxa6 {[%clk 0:04:02]} 32. Na5 {[%clk 0:13:55]} Rc7 {[%clk
0:02:01]} 33. Ra3 {[%clk 0:10:58]} c4 {[%clk 0:02:02]} 34. Ra4 {[%clk 0:09:03]}
c3 {[%clk 0:01:39]} 35. Bc4 {[%clk 0:09:16]} Rdc8 {[%clk 0:01:27]} 36. Bxa6
{[%clk 0:09:25]} Ra8 {[%clk 0:01:00]} 37. Bb7 {[%clk 0:09:33]} c2 {[%clk
0:01:26]} 38. Rc1 {[%clk 0:09:58]} Ra7 {[%clk 0:00:57]} 39. Bc6 {[%clk
0:09:43]} Rxc6 {[%clk 0:00:40]} 40. Nxc6 {[%clk 0:10:04]} Rxa4 {[%clk 0:01:03]}
41. Rxc2 {[%clk 0:10:26]} Rxe4 {[%clk 0:00:43]} 42. Kg2 {[%clk 0:10:42]} Bd5
{[%clk 0:00:42]} 43. Ne7 {[%clk 0:10:51]} Rc4+ {[%clk 0:01:07]} 0-1